მწვანეყვავილა / (ბიბ.ჩანაწერი № 58795)
[ მარტივი ფორმატი ]
| 000 -LEADER | |
|---|---|
| fixed length control field | 00607nam a22001697a 4500 |
| 005 - DATE AND TIME OF LATEST TRANSACTION | |
| control field | 20230323171444.0 |
| 008 - FIXED-LENGTH DATA ELEMENTS--GENERAL INFORMATION | |
| fixed length control field | 220808u2017 ge ||||| |||| 00| 0 geo d |
| 020 ## - INTERNATIONAL STANDARD BOOK NUMBER | |
| Qualifying information | 15122476 |
| 041 ## - LANGUAGE CODE | |
| Language code of text/sound track or separate title | geo |
| 245 ## - TITLE STATEMENT | |
| Title | მწვანეყვავილა / |
| Statement of responsibility, etc. | მთავარი რედაქტორი გიზო თავაძე. |
| Remainder of title | |
| 260 ## - PUBLICATION, DISTRIBUTION, ETC. | |
| Place of publication, distribution, etc. | ქუთაისი. |
| 300 ## - PHYSICAL DESCRIPTION | |
| Extent | v. |
| 653 ## - INDEX TERM--UNCONTROLLED | |
| Uncontrolled term | მწვანეყვავილა |
| 653 ## - INDEX TERM--UNCONTROLLED | |
| Uncontrolled term | პოეზია |
| 700 ## - ADDED ENTRY--PERSONAL NAME | |
| Personal name | თავაძე, გიზო |
| Relator term | მთავარი რედაქტორი |
| 9 (RLIN) | 14514 |
| 942 ## - ADDED ENTRY ELEMENTS (KOHA) | |
| Source of classification or shelving scheme | |
| Koha item type | პერიოდიკა |
| Withdrawn status | Lost status | Source of classification or shelving scheme | Damaged status | Not for loan | Permanent Location | Current Location | Shelving location | Date acquired | Serial Enumeration / chronology | Barcode | Date last seen | Copy number | Price effective from | Koha item type |
|---|---|---|---|---|---|---|---|---|---|---|---|---|---|---|
| ბათუმის შოთა რუსთაველის სახელმწიფო უნივერსიტეტის მთავარი ბიბლიოთეკა | ბათუმის შოთა რუსთაველის სახელმწიფო უნივერსიტეტის მთავარი ბიბლიოთეკა | წიგნსაცავი | 2022-08-08 | #3 (29) 2017 | 80913 p | 2022-08-08 | 80913 | 2022-08-08 | პერიოდიკა | |||||
| ბათუმის შოთა რუსთაველის სახელმწიფო უნივერსიტეტის მთავარი ბიბლიოთეკა | ბათუმის შოთა რუსთაველის სახელმწიფო უნივერსიტეტის მთავარი ბიბლიოთეკა | წიგნსაცავი | 2022-08-08 | #2 (46) 2020 | 80914 p | 2022-08-08 | 80914 | 2022-08-08 | პერიოდიკა | |||||
| ბათუმის შოთა რუსთაველის სახელმწიფო უნივერსიტეტის მთავარი ბიბლიოთეკა | ბათუმის შოთა რუსთაველის სახელმწიფო უნივერსიტეტის მთავარი ბიბლიოთეკა | წიგნსაცავი | 2022-08-08 | #2 (52) 2021 | 80915 p | 2022-08-08 | 80915 | 2022-08-08 | პერიოდიკა | |||||
| ბათუმის შოთა რუსთაველის სახელმწიფო უნივერსიტეტის მთავარი ბიბლიოთეკა | ბათუმის შოთა რუსთაველის სახელმწიფო უნივერსიტეტის მთავარი ბიბლიოთეკა | წიგნსაცავი | 2023-03-23 | #2 (46) 2020 | 81038 p | 2023-03-23 | 81038 | 2023-03-23 | პერიოდიკა |
